000 00769nam a2200289Ia 4500
005 20260324130023.0
008 008 260324s9999 xx 000 0 eng d
020 _a9781315262277
037 _aEBOOK
040 _aCRL
040 _beng
040 _cCRL
041 _2eng
041 _aeng
084 _qCRL
100 _aLinda Jones Hall; William R. Caraher
_91180219
245 0 _aArchaeology and History in Roman, Medieval and Post-Medieval Greece
245 0 _bStudies on Method and Meaning in Honor of Timothy E. Gregory
260 _bTaylor and Francis
260 _c2008
365 _a
365 _b240
856 _uhttp://www.taylorfrancis.com/books/9781315262277
942 _cEBOOK
999 _c1775969
_d1775969